| 000 | 00798nam a2200301 a 4500 | ||
|---|---|---|---|
| 003 | AR-BaBNM | ||
| 005 | 20251128210014.0 | ||
| 008 | 082120s2002 ||||||||||||||000 | spa|| | ||
| 020 | _a0-8013-0928-X | ||
| 040 | _cAR-BaBNM | ||
| 100 | 1 | _aBeglar, David | |
| 245 | 0 | 0 |
_aContemporary topics _badvanced listening comprehension |
| 260 |
_aWhite Plains _bLongman _c1993 |
||
| 300 |
_avi, 138 p. _bil. |
||
| 490 | 0 | _aLongman lecture series | |
| 650 | 4 | _aINGLES | |
| 650 | 4 | _aLENGUAS GERMANICAS | |
| 650 | 4 | _aENSEÑANZA DE IDIOMAS | |
| 650 | 4 | _aACTIVIDADES DE APRENDIZAJE | |
| 650 | 4 | _aGRAMATICA | |
| 650 | 4 | _aENSEÑANZA DEL VOCABULARIO | |
| 650 | 4 | _aVOCABULARIO | |
| 650 | 4 | _aSINTAXIS | |
| 700 | 1 | _aMurray, Neil | |
| 800 | 1 |
_aRost, Michael _eeditor |
|
| 942 | _cBK | ||
| 998 | _cMARTIN | ||
| 999 |
_c13675 _d13675 |
||